[Event "CRO-chT"]
[Site "Medulin"]
[Date "1997.??.??"]
[Round "?"]
[White "Lazovic, Gordan"]
[Black "Njirjak, Josip"]
[Result "0-1"]
[WhiteElo "2310"]
[BlackElo "2195"]

1.d4 Nf6 2.c4 g6 3.Nc3 Bg7 4.e4 d6 5.Nf3 O-O 6.Be2 Nbd7 7.O-O e5 8.Re1 c6
9.Bf1 exd4 10.Nxd4 Ng4 11.Qxg4 Bxd4 12.Qg3 Qf6 13.Be3 Bxe3 14.Rxe3 Ne5 15.f4 Ng4
16.Rd3 Qd8 17.Rd2 Qb6+ 18.Kh1 f5 19.Re1 Re8 20.h3 Nf6 21.Qf3 fxe4 22.Nxe4 Nxe4
23.Rxe4 Bf5 24.Ree2 Qc5 25.a3 a5 26.Qc3 Be4 27.Qd4 Qxd4 28.Rxd4 d5 29.cxd5 cxd5
30.Kh2 Rf8 31.g3 g5 32.Rf2 gxf4 33.gxf4 Rae8 34.Bg2 Kg7 35.Bxe4 dxe4 36.Rd7+ Rf7
37.Rxf7+ Kxf7 38.f5 Kf6 39.Kg3 e3 40.Re2 Kxf5 41.Kf3 a4 42.Rxe3 Rxe3+ 43.Kxe3 Ke5
44.h4 h5  0-1

[Event "Mehlingen op"]
[Site "Mehlingen"]
[Date "1997.??.??"]
[Round "4"]
[White "Duebon, Pierre"]
[Black "Braeuner, Uwe"]
[Result "0-1"]
[WhiteElo "1830"]
[BlackElo "2020"]

1.d4 Nf6 2.c4 g6 3.Nc3 Bg7 4.e4 d6 5.Nf3 O-O 6.Be2 Qe8 7.O-O e5 8.d5 a5 9.b3 Na6
10.a3 Nc5 11.Qc2 Bd7 12.Bb2 a4 13.b4 Nb3 14.Rad1 Qe7 15.Na2 Nh5 16.Nc1 f5
17.Nxb3 axb3 18.Qc3 fxe4 19.Nd2 Nf4 20.Rde1 Qg5 21.Qg3 Qxg3 22.hxg3 Nd3 23.Bxd3 exd3
24.Nxb3 Bh6 25.b5 Ra4  0-1

[Event "Mehlingen op"]
[Site "Mehlingen"]
[Date "1997.??.??"]
[Round "5"]
[White "Ikonnikov, Vyacheslav"]
[Black "Schmaltz, Roland"]
[Result "1-0"]
[WhiteElo "2540"]
[BlackElo "2430"]

1.d4 g6 2.Nf3 Bg7 3.c4 d6 4.Nc3 Nf6 5.e4 O-O 6.Be2 e5 7.O-O exd4 8.Nxd4 Re8
9.f3 Nc6 10.Nxc6 bxc6 11.Bg5 Be6 12.f4 Qb8 13.f5 gxf5 14.exf5 Bd7 15.Qd2 Re5
16.Bd3 Qb6+ 17.Kh1 Qd4 18.Ne2 Qc5 19.b4 Qb6 20.Bh6 Ng4 21.Bxg7 Qe3 22.Qe1 Kxg7
23.Rf3 Qg5 24.h3 h5 25.Qg3 Rh8 26.Kg1 Kf8 27.hxg4 hxg4 28.Rf4 Qh5 29.Raf1  1-0

[Event "Minsk op"]
[Site "Minsk"]
[Date "1997.??.??"]
[Round "1"]
[White "Notkin, Maksim"]
[Black "Ribkinskis, Tomass"]
[Result "1-0"]
[WhiteElo "2515"]
[BlackElo "2095"]

1.d4 Nf6 2.c4 g6 3.Nc3 Bg7 4.e4 d6 5.Nf3 O-O 6.Be2 Nbd7 7.O-O e5 8.Qc2 c6
9.d5 c5 10.a3 Ne8 11.b4 h6 12.Bd3 Qe7 13.Re1 Nef6 14.Na4 b6 15.Rb1 Kh7 16.Bd2 Nh5
17.g3 Ndf6 18.bxc5 dxc5 19.Nc3 Ne8 20.Nb5 Nd6 21.Nxd6 Qxd6 22.Bc3 Bd7 23.a4 Rae8
24.a5 f5 25.axb6 axb6 26.Qb2 f4 27.Be2 fxg3 28.hxg3 Bg4 29.Ng5+ hxg5 30.Bxg4 Nf6
31.Be6 Rxe6 32.dxe6 Qxe6 33.Bxe5 Qxc4 34.Qb3 Qxb3 35.Rxb3 Nd7 36.Bxg7 Kxg7
37.e5 c4 38.Rb4 Rc8 39.e6 Nf6 40.Rxb6 Nd5 41.Rb7+ Kf8 42.Rf7+  1-0

[Event "Minsk op"]
[Site "Minsk"]
[Date "1997.??.??"]
[Round "1"]
[White "Aleksandrov, Aleksej"]
[Black "Levitan, Yuliya"]
[Result "1-0"]
[WhiteElo "2615"]
[BlackElo "2225"]

1.d4 Nf6 2.c4 g6 3.Nc3 Bg7 4.e4 d6 5.Be2 O-O 6.Nf3 e5 7.d5 Na6 8.Nd2 Ne8
9.h4 h5 10.Nf3 Nf6 11.Ng5 Nh7 12.Be3 b6 13.g4 hxg4 14.Nxh7 Kxh7 15.h5 Kg8
16.hxg6 fxg6 17.Bxg4 Qf6 18.Kd2 Nc5 19.Bxc8 Raxc8 20.Qg4 a5 21.Rag1 Rce8
22.Rh2 Rf7 23.Rhg2 Nd7 24.Qxg6 Qxg6 25.Rxg6 Kh7 26.R6g2 Nf6 27.Kd3 Rh8 28.Ne2 Nh5
29.a3 Kg8 30.b4 axb4 31.axb4 Kf8 32.c5 bxc5 33.bxc5 Nf4+ 34.Bxf4 exf4 35.Rb1 f3
36.Rg6 dxc5 37.Ng3 Rh6  1-0

[Event "Mondariz op"]
[Site "Mondariz"]
[Date "1997.??.??"]
[Round "?"]
[White "Pinho, Paulo"]
[Black "Rodriguez Lopez, Rafael"]
[Result "0-1"]
[WhiteElo "2165"]
[BlackElo "2325"]

1.d4 Nf6 2.c4 g6 3.Nc3 Bg7 4.e4 d6 5.Nf3 O-O 6.Be2 e5 7.O-O Na6 8.Rb1 c6
9.b4 Bg4 10.b5 Nc7 11.Be3 Bxf3 12.Bxf3 Ne6 13.bxc6 bxc6 14.d5 cxd5 15.cxd5 Nc5
16.Bxc5 dxc5 17.Qa4 Ne8 18.Rb7 a6 19.Rfb1 Qg5 20.Qc6 Rd8 21.Qxc5 Nd6 22.R7b6 Nb5
23.Nxb5 axb5 24.Qxb5 Qd2 25.a4 Ra8 26.Ra6 Rfc8 27.Rxa8 Rxa8 28.g3 Bf8 29.Qc6 Qa5
30.Rb7 Bc5 31.Kg2 Bd4 32.Qf6 Rf8 33.Bg4 Qe1 34.a5 Qxe4+ 35.Qf3 Qc2 36.Be6 fxe6  0-1

[Event "Mondariz op"]
[Site "Mondariz"]
[Date "1997.??.??"]
[Round "?"]
[White "Pogorelov, Ruslan"]
[Black "Ribeiro, Fernando"]
[Result "1-0"]
[WhiteElo "2440"]
[BlackElo "2340"]

1.Nf3 Nf6 2.c4 d6 3.d4 g6 4.Nc3 Bg7 5.e4 O-O 6.Be2 Qe8 7.O-O e5 8.dxe5 dxe5
9.Be3 b6 10.h3 Bb7 11.Qc2 Na6 12.a3 Nc5 13.Bxc5 bxc5 14.Nd5 Rc8 15.Nd2 h5
16.b4 Nxd5 17.cxd5 cxb4 18.axb4 c6 19.d6 Ra8 20.Qc5 Qb8 21.Nc4 Rd8 22.Rfd1 f6
23.Na5 Bf8 24.Qc4+ Kg7 25.Qe6 Qc8 26.d7 Qc7 27.Rac1 Rdb8 28.Nxb7  1-0

[Event "Mitropa Cup 17th"]
[Site "Montecatini Terme"]
[Date "1997.??.??"]
[Round "1"]
[White "Wirthensohn, Heinz"]
[Black "Balogh, Tomas"]
[Result "1-0"]
[WhiteElo "2365"]
[BlackElo "2390"]

1.Nf3 Nf6 2.c4 g6 3.Nc3 Bg7 4.e4 d6 5.d4 O-O 6.Be2 e5 7.Be3 Ng4 8.Bg5 f6
9.Bc1 Nc6 10.d5 Ne7 11.Nd2 f5 12.exf5 gxf5 13.Bxg4 fxg4 14.Nde4 Nf5 15.h3 Nh4
16.Bg5 Nxg2+ 17.Kd2 Rxf2+ 18.Kc1 Qxg5+ 19.Nxg5 Bh6 20.Ne4 Bf5 21.hxg4 Bxg5+
22.Nxg5 Bg6 23.Rf1 Raf8 24.Rxf2 Rxf2 25.Nh3  1-0

[Event "Moravia-chT 9697"]
[Site "?"]
[Date "1997.??.??"]
[Round "?"]
[White "Mudrak, Josef"]
[Black "Karlik, Vladimir"]
[Result "0-1"]
[WhiteElo "2320"]
[BlackElo "2275"]

1.c4 Nf6 2.Nc3 g6 3.e4 d6 4.d4 Bg7 5.Nf3 O-O 6.Be2 e5 7.d5 Na6 8.Bg5 h6 9.Bh4 c5
10.Nd2 Nc7 11.Rb1 b6 12.a3 Qd7 13.b4 Nh7 14.f3 f5 15.Qa4 Qxa4 16.Nxa4 Bf6
17.Bf2 Bg5 18.Nc3 Nf6 19.Rb2 Bxd2+ 20.Rxd2 fxe4 21.fxe4 Bd7 22.O-O Rad8 23.h3 Kg7
24.Rb2 Bc8 25.Bd3 Nh5 26.Be3 Nf4 27.Bxf4 exf4 28.bxc5 bxc5 29.Rb8 g5 30.a4 Kf6
31.Nb5 Na6 32.Ra8 Nb4 33.Be2 a6 34.Nc3 Ke5 35.Rd1 Bb7 36.Rxd8 Rxd8 37.Bg4 Bc8
38.Bxc8 Rxc8 39.Rd2 h5 40.Kf2 g4 41.hxg4 hxg4 42.Kf1 Rh8 43.Kg1 f3 44.gxf3 gxf3  0-1

[Event "Moravia-chT 9697"]
[Site "?"]
[Date "1997.??.??"]
[Round "?"]
[White "Kupka, Slavoj"]
[Black "Karlik, Vladimir"]
[Result "0-1"]
[WhiteElo "2365"]
[BlackElo "2275"]

1.d4 Nf6 2.Nf3 g6 3.c4 Bg7 4.Nc3 O-O 5.e4 d6 6.Be2 e5 7.O-O Na6 8.Re1 c6
9.b3 exd4 10.Nxd4 Re8 11.Bf3 h6 12.Bb2 Nh7 13.Nde2 Ng5 14.Ng3 h5 15.Nf1 Nc5
16.b4 Nxf3+ 17.Qxf3 Bg4 18.Qe3 Nxe4 19.Qd3 Bf5 20.Ne3 Nxf2 21.Qd2 Rxe3 22.Rxe3 Ng4
23.Re2 Ne5 24.Nd1 Nxc4 25.Qc1 Nxb2 26.Nxb2 Qb6+ 27.Kh1 Qxb4  0-1

[Event "Moravia-chT 9697"]
[Site "?"]
[Date "1997.??.??"]
[Round "?"]
[White "Cvek, Robert"]
[Black "Kupka, Slavoj"]
[Result "1-0"]
[WhiteElo "2340"]
[BlackElo "2365"]

1.d4 Nf6 2.Nf3 g6 3.c4 Bg7 4.Nc3 O-O 5.e4 d6 6.Be2 e5 7.d5 Nbd7 8.Bg5 h6
9.Bh4 a6 10.Nd2 Qe8 11.O-O Nh7 12.b4 Bf6 13.Bxf6 Nhxf6 14.Nb3 Qe7 15.Rc1 Ne8
16.Qd2 Qg5 17.Qxg5 hxg5 18.c5 Ndf6 19.Na5 Kg7 20.f3 Rb8 21.Nc4 Nd7 22.c6 bxc6
23.dxc6 Ndf6 24.a3 Nh5 25.g3 Nhf6 26.Ne3 Ra8 27.a4 Ng8 28.Ned5 Be6 29.b5 axb5
30.axb5 f5 31.Ra1 Rxa1 32.Rxa1 fxe4 33.fxe4 Ngf6 34.Nxc7 Nxc7 35.Ra7 Rc8
36.b6 Kf8 37.bxc7 Ne8 38.Nb5 Ke7 39.Rb7 Kf6 40.Rb8 Nxc7 41.Rxc8 Nxb5 42.Rb8 Nd4
43.Bb5  1-0

[Event "Moravia-chT 9697"]
[Site "?"]
[Date "1997.??.??"]
[Round "?"]
[White "Babula, Vlastimil"]
[Black "Kalinin, Oleg"]
[Result "1-0"]
[WhiteElo "2535"]
[BlackElo "2440"]

1.d4 Nf6 2.c4 d6 3.Nc3 Nbd7 4.e4 e5 5.Nf3 g6 6.Be2 Bg7 7.O-O O-O 8.Re1 c6
9.Bf1 exd4 10.Nxd4 Ng4 11.h3 Qb6 12.Qxg4 Bxd4 13.Qe2 Nc5 14.Bh6 Re8 15.Qd2 Ne6
16.Rad1 Bd7 17.Be3 c5 18.Bxd4 Nxd4 19.Bd3 Bc6 20.f3 Re6 21.Ne2 Nxe2+ 22.Rxe2 Rae8
23.Rf2 Qd8 24.Qf4 Qf6 25.Qxf6 Rxf6 26.Rfd2 Kf8 27.Bc2 Ke7 28.Kf2 Kd7 29.Kg3 Kc7
30.h4 h6 31.Rd3 a6 32.Ra3 Ra8 33.Kf2 Re6 34.g4 b5 35.cxb5 axb5 36.Rxa8 Bxa8
37.a4 Kb6 38.axb5 Kxb5 39.Bb3 c4 40.Ba2 d5 41.exd5 Ra6 42.d6 Bc6 43.d7 Bxd7
44.Bxc4+ Kxc4 45.Rxd7 Rf6 46.Kg3 g5 47.hxg5 hxg5 48.Ra7 Kb3 49.Ra5 Rg6 50.Rf5 f6
51.Rb5+ Kc4 52.Rb6 Kc5 53.Ra6 Kb5 54.Re6 Kc4 55.f4 gxf4+ 56.Kxf4 Kb3 57.Rb6+ Kc4
58.Rc6+ Kb3 59.Rc5 Kxb2 60.Rh5 Kc3 61.Kf5 Rg8 62.Rh4 Kd3 63.Kxf6 Rf8+ 64.Kg7 Rf4
65.Rh3+ Ke4 66.g5 Kf5 67.g6 Rg4 68.Rf3+  1-0

[Event "Moravia-chT 9697"]
[Site "?"]
[Date "1997.??.??"]
[Round "?"]
[White "Cvek, Robert"]
[Black "Jerabek, Petr"]
[Result "1-0"]
[WhiteElo "2340"]
[BlackElo "2220"]

1.Nf3 Nf6 2.d4 g6 3.c4 Bg7 4.Nc3 O-O 5.e4 d6 6.Be2 e5 7.d5 Nbd7 8.Bg5 h6
9.Bh4 g5 10.Bg3 Nh5 11.Nd2 Nf4 12.O-O a5 13.Bg4 Nc5 14.Bxc8 Qxc8 15.Nb3 Ncd3
16.Bxf4 Nxb2 17.Qe2 exf4 18.Qxb2 f3 19.Nd2 fxg2 20.Rfe1 f5 21.Kxg2 f4 22.f3 g4
23.Kh1 gxf3 24.Nxf3 Qh3 25.Rf1 Rae8 26.Qc2 Re5 27.Rac1 Rg5 28.Nxg5 hxg5 29.Qg2 Qh4
30.Rg1 Bf6 31.Qg4 Qf2 32.e5 dxe5 33.Ne4 Qd4 34.Qe6+ Kg7 35.Nxf6  1-0

[Event "Moravia-chT 9697"]
[Site "?"]
[Date "1997.??.??"]
[Round "?"]
[White "Jankovec, Ivan"]
[Black "Simacek, Pavel"]
[Result "0-1"]
[WhiteElo "2275"]
[BlackElo "2255"]

1.Nf3 Nf6 2.d4 g6 3.c4 Bg7 4.Nc3 O-O 5.e4 d6 6.Be2 e5 7.dxe5 dxe5 8.Qxd8 Rxd8
9.Bg5 Re8 10.Nd5 Nxd5 11.cxd5 c6 12.Bc4 cxd5 13.Bxd5 Nc6 14.O-O Be6 15.Rac1 h6
16.Be3 Bxd5 17.exd5 Nb4 18.d6 Red8 19.Rfd1 e4 20.Rc4 Nd3 21.Rxe4 Rxd6 22.b3 Nxf2
23.Rxd6 Nxe4 24.Rd7 b6 25.Kf1 Kf8 26.a4 Ke8 27.Rc7 Bf8 28.Ne5 Bd6 29.Rc4 Nf6
30.Nf3 Ng8 31.Ke2 Kd7 32.Kd3 Re8 33.b4 h5 34.h3 Ne7 35.b5 Nd5 36.Bd2 Bc5
37.Re4 Rxe4 38.Kxe4 Ne7 39.Ne5+ Ke6 40.Nd3 Bd6 41.Nf4+ Kd7 42.g4 hxg4 43.hxg4 f6
44.Ne2 f5+ 45.gxf5 gxf5+ 46.Kd4 Ng6 47.Kd5 Ne7+ 48.Kd4 Ke6 49.Nf4+ Kf7 50.Bc1 Ng6
51.Nxg6 Kxg6 52.Kd5 Bg3 53.Kc6 f4 54.Kb7 f3 55.Be3 Be1 56.Kxa7 Ba5 57.Bxb6 Bxb6+
58.Kxb6 f2 59.a5 f1=Q 60.a6 Qf8 61.Ka7 Qe7+ 62.Kb6 Qd8+ 63.Kb7 Qd7+ 64.Kb6 Qc8  0-1

[Event "Moravia-chT 9697"]
[Site "?"]
[Date "1997.??.??"]
[Round "?"]
[White "Biolek, Richard"]
[Black "Mudrak, Josef"]
[Result "1-0"]
[WhiteElo "2395"]
[BlackElo "2320"]

1.d4 Nf6 2.c4 g6 3.Nc3 Bg7 4.e4 d6 5.Nf3 O-O 6.Be2 e5 7.d5 Ne8 8.O-O Nd7
9.Ne1 f5 10.Nd3 Ndf6 11.f3 f4 12.g3 fxg3 13.hxg3 Qd7 14.Nf2 Nh5 15.Kg2 Qe7
16.Rh1 Rf7 17.Be3 Bd7 18.Qd2 c5 19.dxc6 bxc6 20.c5 dxc5 21.Na4 Rd8 22.Qa5 Rb8
23.Qxc5 Nd6 24.Rhd1 Bf8 25.Qc1 Qf6 26.Bg5 Qg7 27.Nc5 Bc8 28.b3 Rb4 29.Ncd3 Rb8
30.Qc3 h6 31.Be3 Ba6 32.Rd2 Re8 33.Rad1 g5 34.Ng4 Kh7 35.Rh1 Nf6 36.Nxh6 Nfxe4
37.fxe4 Nxe4 38.Qc2 Qg6 39.Nxf7+ Kg7 40.Nf2 Kxf7 41.Bh5  1-0

[Event "Moravia-chT 9697"]
[Site "?"]
[Date "1997.??.??"]
[Round "?"]
[White "Kojetsky, Pavel"]
[Black "Hejl, Vladislav"]
[Result "1/2-1/2"]
[WhiteElo "2130"]
[BlackElo "2275"]

1.d4 Nf6 2.Nf3 g6 3.c4 Bg7 4.Nc3 d6 5.e4 O-O 6.Be2 Nbd7 7.O-O e5 8.d5 Nc5
9.Qc2 a5 10.Ne1 Bd7 11.Be3 b6 12.b3 Ne8 13.Nd3 f5 14.f3 Nf6 15.Nf2 Qe7 16.a3 f4
17.Bd2 g5 18.b4 Nb7 19.g4 h5 20.h3 Kf7 21.Kg2 Rh8 22.Rh1 Rh7 23.Rag1 Rah8
24.Ncd1 Qd8 25.Nb2 hxg4 26.hxg4 Rh4 27.Qd1 Qg8 28.Rxh4 Rxh4 29.Rh1 Qh8 30.Nbd3 axb4
31.axb4 Rxh1 32.Nxh1 Qa8 33.Qc2 Qa7 34.Nhf2 Ng8 35.Bc3 Ne7 36.Qb2 Ng6 37.Qa1 Qxa1
38.Bxa1 Bf6 39.Kf1 Ke7 40.Bb2 Kd8  1/2-1/2

[Event "Goldberg mem"]
[Site "Moscow "]
[Date "1997.??.??"]
[Round "9"]
[White "Baikov, Vladimir A"]
[Black "Gelman, Alexander"]
[Result "1/2-1/2"]
[WhiteElo "2455"]
[BlackElo "2415"]

1.d4 d6 2.Nf3 g6 3.c4 Bg7 4.Nc3 Nd7 5.e4 e5 6.Be2 Ngf6 7.O-O O-O 8.Qc2 c6
9.d5 a5 10.Bg5 h6 11.Bd2 Nc5 12.b3 Bd7 13.Be3 cxd5 14.Bxc5 dxe4 15.Bxd6 exf3
16.Bxf3 Bf5 17.Qd1 e4 18.Be2 Re8 19.Rc1 e3 20.Bf3 Ng4 21.Bxg4 Bxg4 22.Qxg4 exf2+
23.Rxf2 Qxd6 24.Nb5 Qc5 25.Rf1 a4 26.g3 axb3 27.axb3 Re3 28.Qf4 Re7 29.Kg2 Rd8
30.Qf3 h5 31.Rd1 Rxd1 32.Qxd1 Qc6+ 33.Qf3 Re3 34.Qxc6 bxc6 35.Nd6 Rxb3 36.Rxf7 Rb2+
37.Rf2 Rb4 38.Re2 Bf8 39.Re6 Bxd6 40.Rxg6+ Kh7 41.Rxd6 Rxc4 42.Kf3 Kg7 43.h4 Rc3+
44.Kf4 Rc4+  1/2-1/2

[Event "Goldberg mem"]
[Site "Moscow "]
[Date "1997.??.??"]
[Round "12"]
[White "Kiselev, Sergey"]
[Black "Yuferov, Sergey  N"]
[Result "1/2-1/2"]
[WhiteElo "2485"]
[BlackElo "2405"]

1.d4 Nf6 2.c4 g6 3.Nc3 Bg7 4.e4 d6 5.Nf3 O-O 6.Be2 e5 7.dxe5 dxe5 8.Qxd8 Rxd8
9.Bg5 Re8 10.Nd5 Nxd5 11.cxd5 c6 12.Bc4 cxd5 13.Bxd5 Nd7 14.Ke2 Nb6 15.Bb3 Be6
16.Bxe6 Rxe6 17.Rac1 Rc8 18.Rxc8+ Nxc8 19.Rc1 Nd6  1/2-1/2

[Event "Petrosjan mem-J"]
[Site "Moscow"]
[Date "1997.??.??"]
[Round "?"]
[White "Dolinskij, Boris"]
[Black "Vuckovic, Bojan"]
[Result "1-0"]
[WhiteElo "2225"]
[BlackElo "2160"]

1.d4 Nf6 2.c4 g6 3.Nc3 Bg7 4.e4 d6 5.Be2 O-O 6.Nf3 e5 7.d5 a5 8.h3 Na6 9.Bg5 Qe8
10.g4 Kh8 11.Nd2 Ng8 12.h4 f6 13.Be3 f5 14.gxf5 gxf5 15.exf5 Bxf5 16.Bg4 Bd3
17.a3 e4 18.Be6 Nf6 19.h5 h6 20.f3 exf3 21.Nxf3 Bxc4 22.Nh4 Nxd5 23.Ng6+ Qxg6
24.hxg6 Nxe3 25.Qd2 Rae8 26.Rxh6+ Bxh6 27.Qd4+  1-0

[Event "Kasparov Cup"]
[Site "Moscow"]
[Date "1997.??.??"]
[Round "?"]
[White "Mista, Aleksander"]
[Black "Riazantsev, Alexander"]
[Result "1-0"]
[WhiteElo "2225"]
[BlackElo "2330"]

1.d4 Nf6 2.Nf3 g6 3.c4 Bg7 4.Nc3 O-O 5.e4 d6 6.Be2 e5 7.d5 a5 8.h3 Nh5 9.g3 Na6
10.Nh2 Nf6 11.Ng4 Nd7 12.h4 f5 13.Nh6+ Bxh6 14.Bxh6 Rf7 15.Qd2 Ndc5 16.O-O-O fxe4
17.Rh2 Nb4 18.Qe3 Bf5 19.g4 Bd7 20.Kb1 Nbd3 21.h5 Nf4 22.hxg6 Nxg6 23.Rdh1 Qc8
24.Nxe4 Bxg4 25.Bxg4 Qxg4 26.Nxc5 dxc5 27.Qxc5 Qe4+ 28.Ka1 b6 29.Qc6 Rb8
30.a3 Qg4 31.Be3 Rd8 32.Qe6 Qxe6 33.dxe6 Rg7 34.Bh6 Re7 35.Bg5 Rde8 36.Bxe7 Rxe7
37.Rd1 Rxe6 38.Rd7 Re7 39.Rxe7 Nxe7 40.Rh5 Nc6 41.Kb1 Kg7 42.Rg5+ Kf6 43.Rg8 Nd4
44.Kc1 h5 45.Kd2 Kf5 46.Ke3 h4 47.Rh8 Kg4 48.Ke4 Nc6 49.Rh6 Nd4 50.Rg6+ Kh3
51.f4 Ne2 52.fxe5 Ng3+ 53.Kf3 Nf5 54.Rg5 Nd4+ 55.Ke4 Ne6 56.Rg6 Nc5+ 57.Kf5 Kh2
58.e6  1-0

[Event "Kasparov Cup"]
[Site "Moscow"]
[Date "1997.??.??"]
[Round "?"]
[White "Kobylkin, Evgeni"]
[Black "Mista, Aleksander"]
[Result "1-0"]
[WhiteElo "2385"]
[BlackElo "2225"]

1.d4 g6 2.c4 Bg7 3.Nc3 d6 4.e4 Nf6 5.Nf3 O-O 6.Be2 e5 7.O-O Nbd7 8.Qc2 c6
9.Rd1 Qc7 10.Rb1 Re8 11.d5 a5 12.dxc6 bxc6 13.b3 Bb7 14.Ba3 d5 15.exd5 cxd5
16.Nb5 Qc6 17.Nd6 Re6 18.Nxb7 Qxb7 19.cxd5 Nxd5 20.Ng5 Rc6 21.Bc4 Nf4 22.Bxf7+ Kh8
23.Qe4 Nf6 24.Qf3 Rac8 25.Bc4 Bf8 26.Nf7+  1-0

[Event "Moscow-ch"]
[Site "Moscow"]
[Date "1997.??.??"]
[Round "1"]
[White "Kostin, Mikhail Y"]
[Black "Gelman, Alexander"]
[Result "0-1"]
[WhiteElo "2185"]
[BlackElo "2415"]

1.Nf3 d6 2.d4 g6 3.c4 Bg7 4.Nc3 Nd7 5.e4 e5 6.Be2 Ngf6 7.O-O O-O 8.Re1 c6
9.Bf1 exd4 10.Nxd4 Re8 11.Nb3 a5 12.Qxd6 a4 13.Nd2 a3 14.Rb1 Ng4 15.Qg3 Nc5
16.h3 axb2 17.Bxb2 Be5 18.Qf3 Qxd2 19.hxg4 Qg5 20.Be2 Ne6 21.Bd1 Rd8 22.Na4 Nd4
23.Bxd4 Bxd4 24.c5 Ra7 25.Bb3 Rf8 26.Bd1 Be6 27.a3 Rd8 28.Bb3 Bxb3 29.Qxb3 Qd2
30.Rf1 Qa5 31.Nb6 Qxc5 32.a4 Re8 33.Qd3 Rd8 34.Qe2 Qa5 35.Nc4 Qxa4 36.e5 b5
37.Nd2 Qa2 38.e6 fxe6 39.Rfe1 Bxf2+  0-1

[Event "Moscow-ch"]
[Site "Moscow"]
[Date "1997.??.??"]
[Round "1"]
[White "Yanvarjov, Igor"]
[Black "Bereslavsky, Mikhail"]
[Result "1-0"]
[WhiteElo "2420"]
[BlackElo "2185"]

1.d4 Nf6 2.Nf3 g6 3.c4 Bg7 4.Nc3 O-O 5.e4 d6 6.Be2 e5 7.d5 a5 8.Bg5 Na6 9.Nd2 h6
10.Be3 Nc5 11.O-O Ne8 12.f3 b6 13.Kh1 f5 14.exf5 Bxf5 15.g4 Bd7 16.Qc2 Kh7
17.Nde4 Qe7 18.Nxc5 dxc5 19.Bd3 Qf6 20.Ne4 Qh4 21.Kg2 Rg8 22.Rae1 Bf8 23.Qc3 Bd6
24.Bf2 Qe7 25.Bg3 Ng7 26.f4 Rae8 27.fxe5 Bxe5 28.Bxe5 Qh4 29.Nf6+ Kh8 30.Bg3 Qg5
31.h4  1-0

[Event "Moscow-B"]
[Site "Moscow"]
[Date "1997.??.??"]
[Round "2"]
[White "Nikolaenko, Andrej"]
[Black "Hait, Alexander"]
[Result "1-0"]
[WhiteElo "2130"]
[BlackElo "2370"]

1.d4 Nf6 2.c4 g6 3.Nc3 Bg7 4.e4 d6 5.Nf3 O-O 6.Be2 e5 7.Bg5 h6 8.Bh4 Qe8
9.dxe5 dxe5 10.O-O Na6 11.a3 Nc5 12.Qc2 c6 13.Rad1 Nfd7 14.Ne1 Ne6 15.Rd2 h5
16.Bg3 Nd4 17.Qd1 Bh6 18.f4 h4 19.Bxh4 Bxf4 20.Rxf4 Nxe2+ 21.Rxe2 exf4 22.e5 Qe6
23.Qd4 Qf5 24.Ne4 c5 25.Qc3 a5 26.Nf3 Ra6 27.Bg5 Re6 28.h3 Rb6 29.Nh4 Qe6
30.Bxf4 Nb8 31.Nf6+ Kg7 32.Nf3 Nc6 33.Re4 Rd8 34.Qe1 Nd4 35.Ng5 Qc6 36.Qh4 Rh8
37.Ngh7 Rxb2  1-0

[Event "Moscow-ch"]
[Site "Moscow"]
[Date "1997.??.??"]
[Round "6"]
[White "Maljutin, Evgeni"]
[Black "Gutov, Andrei"]
[Result "1/2-1/2"]
[WhiteElo "2420"]
[BlackElo "2195"]

1.c4 Nf6 2.Nf3 g6 3.Nc3 Bg7 4.e4 d6 5.d4 O-O 6.Be2 e5 7.dxe5 dxe5 8.Qxd8 Rxd8
9.Bg5 c6 10.Nxe5 Re8 11.Rd1 Na6 12.Nf3 Bg4 13.Bxf6 Bxf6 14.Nd4 Rad8 15.Nb3 Bxc3+
16.bxc3 Rxd1+ 17.Kxd1 Bxe2+ 18.Kxe2 Rxe4+ 19.Kd3 f5 20.f3 Re5 21.Rb1 Kf7
22.Rb2 Ke7 23.Kd4 Kd6 24.g4 b6 25.gxf5 Rxf5 26.Rd2 Re5 27.f4 c5+ 28.Kd3 Re1
29.Rf2 Ke6 30.Nd2 Kf5 31.Nf1 Nb8 32.Ne3+ Ke6 33.f5+ gxf5 34.Nxf5 Nd7 35.Ng7+ Ke7
36.Nf5+ Ke6 37.Ng7+ Ke7  1/2-1/2

[Event "Moscow-ch"]
[Site "Moscow"]
[Date "1997.??.??"]
[Round "7"]
[White "Gutov, Andrei"]
[Black "Gelman, Alexander"]
[Result "1/2-1/2"]
[WhiteElo "2195"]
[BlackElo "2415"]

1.d4 d6 2.Nf3 g6 3.c4 Bg7 4.Nc3 Nd7 5.e4 e5 6.Be2 Ngf6 7.O-O O-O 8.Re1 c6
9.Bf1 exd4 10.Nxd4 Re8 11.Bf4 Ne5 12.f3 a6 13.Kh1 c5 14.Nc2 Be6 15.b3 Nh5
16.Bd2 f5 17.exf5 gxf5 18.f4 Ng4 19.Qf3 Qh4 20.h3 Bd7 21.Rxe8+ Rxe8 22.Be1 Rxe1
23.Rxe1 Bxc3 24.Qxc3 Bc6 25.Re3 Nxe3 26.Qxe3 Be4 27.Bd3 Bxd3 28.Qxd3 Qxf4
29.Ne3 Ng3+ 30.Kg1 Kg7 31.Nd5 Qc1+ 32.Kh2 f4 33.Nxf4 Nf1+  1/2-1/2

[Event "NRW-Cup Masters op"]
[Site "Muenster"]
[Date "1997.??.??"]
[Round "2"]
[White "Schlecht, Daniel"]
[Black "Schultz, Heide"]
[Result "1-0"]
[WhiteElo "2270"]
[BlackElo "2040"]

1.d4 Nf6 2.c4 d6 3.Nf3 g6 4.Nc3 Bg7 5.e4 O-O 6.Be2 e5 7.O-O Nbd7 8.Be3 exd4
9.Nxd4 Re8 10.f3 a6 11.Qd2 Nf8 12.Rad1 Ne6 13.Nc2 Nd7 14.Nb4 a5 15.Nbd5 Ndc5
16.Rfe1 f5 17.exf5 gxf5 18.Bf1 Be5 19.Nf4 Kh8 20.Ncd5 c6 21.Nxe6 Nxe6 22.Nf4 Rg8
23.Nxe6 Bxe6 24.Bd4 Qf6 25.f4 Bxd4+ 26.Qxd4 Qxd4+ 27.Rxd4 Rae8 28.Rxd6 Bc8
29.Rxe8 Rxe8 30.Kf2 Kg7 31.Bd3 Be6 32.h3 h5 33.g3 Kf7 34.Be2 Rh8 35.a3 Ke7
36.Rd1 h4 37.g4 fxg4 38.hxg4 h3 39.Kg3 c5 40.f5 Bd7 41.Rh1  1-0

[Event "NRW-Cup Masters op"]
[Site "Muenster"]
[Date "1997.??.??"]
[Round "7"]
[White "Beckhuis, Gernod"]
[Black "Kummerow, Heiko"]
[Result "1/2-1/2"]
[WhiteElo "2260"]
[BlackElo "2300"]

1.Nf3 Nf6 2.c4 g6 3.Nc3 Bg7 4.e4 d6 5.d4 O-O 6.Be2 e5 7.O-O exd4 8.Nxd4 Re8
9.f3 Nc6 10.Be3 Nh5 11.Nxc6 bxc6 12.Qd2 f5 13.exf5 Qe7 14.Bd4 gxf5 15.Bxg7 Qxg7
16.f4 Nf6 17.Bf3 Bd7 18.Rfe1 Rab8 19.Rxe8+ Rxe8 20.Re1 Rxe1+ 21.Qxe1 Kf8
22.Nd1 Ng4 23.Bxg4 Qxg4 24.Qf1 c5 25.Ne3 Qg7 26.Qf2 Qd4 27.h3 Qe4 28.Kh2  1/2-1/2

[Event "Murcia op"]
[Site "Murcia"]
[Date "1997.??.??"]
[Round "3"]
[White "Ramirez Rio, Jose"]
[Black "Miguel, Victor"]
[Result "0-1"]
[WhiteElo "2140"]
[BlackElo "2285"]

1.d4 Nf6 2.Nf3 g6 3.c4 Bg7 4.Nc3 d6 5.e4 O-O 6.Be2 e5 7.O-O Na6 8.Re1 c6
9.Bf1 exd4 10.Nxd4 Ng4 11.Nf3 Nc5 12.h3 Ne5 13.Be3 Qe7 14.Rc1 a5 15.a3 Nxf3+
16.Qxf3 Re8 17.Rcd1 Bxc3 18.bxc3 Nxe4 19.Bf4 Bf5 20.g4 Ng5 21.Qg3 Be4 22.Bg2 d5
23.cxd5 cxd5 24.Rxd5 Nxh3+ 25.Bxh3 Qxa3 26.Rdd1 a4 27.Be5 Bc6 28.Bd4 Qb3
29.Qd6 Re6 30.Qg3 Rae8 31.Rf1 h6 32.Rb1 Qc2 33.Bg2 a3 34.Bxc6 bxc6 35.Qf4 g5
36.Qc1 Qa2 37.Ra1 Qc4 38.Qxa3 Re2 39.Qd6 R8e6 40.Qc5 Qb3 41.Qb4 Qc2 42.Be3 Qd3
43.c4 Re4  0-1

[Event "Murcia op"]
[Site "Murcia"]
[Date "1997.??.??"]
[Round "6"]
[White "Paredes Galan, Emilio"]
[Black "Cacho Reigadas, Sergio"]
[Result "0-1"]
[WhiteElo "2245"]
[BlackElo "2445"]

1.e4 g6 2.d4 Bg7 3.c4 d6 4.Nc3 e5 5.Nf3 Nd7 6.Be2 Ngf6 7.O-O O-O 8.Bg5 h6
9.Bh4 c6 10.Qd2 exd4 11.Qxd4 g5 12.Bg3 Nd5 13.Qd2 Nxc3 14.bxc3 Nc5 15.Bd3 Re8
16.Rfe1 Qa5 17.Rac1 Na4 18.Bb1 Bxc3 19.Qc2 Bg7 20.e5 dxe5 21.Qh7+ Kf8 22.Bxe5 Rxe5
23.Nxe5 Qc7 24.Ng6+ fxg6 25.Re8+ Kxe8 26.Qg8+ Bf8 27.Bxg6+ Kd7 28.Qxf8 Qd6
29.Qg7+ Kd8 30.Bc2 Qe7 31.Qh8+ Kc7 32.Bxa4 Rb8 33.Qc3 Bd7 34.Qa5+ b6 35.Qc3  0-1

[Event "Murcia op"]
[Site "Murcia"]
[Date "1997.??.??"]
[Round "9"]
[White "Cacho Reigadas, Sergio"]
[Black "Rufino Bengoetxea, Asier"]
[Result "1-0"]
[WhiteElo "2445"]
[BlackElo "2355"]

1.d4 Nf6 2.c4 g6 3.Nc3 Bg7 4.e4 d6 5.Nf3 O-O 6.Be2 e5 7.Be3 Na6 8.O-O Ng4
9.Bg5 f6 10.Bh4 Qe8 11.Re1 h5 12.h3 Nh6 13.Bg3 Nf7 14.a3 c6 15.b4 Nc7 16.d5 Qe7
17.Nd2 f5 18.Rc1 cxd5 19.Nxd5 Ne6  1-0

[Event "Murcia op"]
[Site "Murcia"]
[Date "1997.??.??"]
[Round "9"]
[White "Cuesta Navarro, Santiago"]
[Black "Cardenas, Jose A"]
[Result "1-0"]
[WhiteElo "2240"]
[BlackElo "2005"]

1.d4 Nf6 2.Nf3 g6 3.c4 Bg7 4.Nc3 O-O 5.e4 d6 6.Be2 e5 7.dxe5 dxe5 8.Qxd8 Rxd8
9.Bg5 Re8 10.Nd5 Nxd5 11.cxd5 c6 12.Bc4 b5 13.Bb3 c5 14.a4 b4 15.Rc1 Nd7
16.Be3 Bf8 17.Nd2 Ba6 18.Bc4 Bxc4 19.Nxc4 Nb6 20.b3 Nxc4 21.Rxc4 Rac8 22.Ke2 Rc7
23.Rhc1 Rec8 24.g3 Kg7 25.f4 f6 26.Rf1 h6 27.Kd3 Bd6 28.fxe5 fxe5 29.Rc2 Rf8
30.Rxf8 Bxf8 31.Kc4 a6 32.Rf2 Bd6 33.h4 Rc8 34.g4 Be7 35.g5 Kg8 36.d6 Bxd6
37.Rf6 Be7 38.Rxg6+ Kf7 39.Rxh6 Rd8 40.g6+ Ke6 41.g7+ Kf7 42.Rh8 Kxg7 43.Rxd8 Bxd8
44.Bg5 Bb6 45.Be7 a5 46.Bxc5 Bd8 47.Bf2 Kf6 48.Kd5  1-0

[Event "FIN-ch op"]
[Site "Naan"]
[Date "1997.??.??"]
[Round "?"]
[White "Taivainen, Jukka"]
[Black "Nykopp, Jan Michael F"]
[Result "1-0"]
[WhiteElo "2295"]
[BlackElo "2255"]

1.d4 Nf6 2.c4 g6 3.Nc3 Bg7 4.e4 d6 5.Nf3 O-O 6.Be2 e5 7.d5 Nbd7 8.Bg5 h6
9.Bh4 a6 10.Nd2 Qe8 11.O-O Nh7 12.Kh1 h5 13.f3 Bh6 14.b4 a5 15.Nb5 g5 16.Bf2 Qd8
17.c5 axb4 18.cxd6 c5 19.dxc6 bxc6 20.Nc7 Rb8 21.Nc4 Bb7 22.Ne3 Nhf6 23.Nf5 Kh7
24.Qb3 Bc8 25.Ne7 Bb7 26.Ba7 c5 27.Bxb8 Nxb8 28.Rad1 Nc6 29.Nxc6 Bxc6 30.Bb5 Bxb5
31.Nxb5 Qd7 32.Qc4 g4 33.Qxc5 gxf3 34.Rxf3 Bf4 35.Rxf4 exf4 36.e5 Ne4 37.Qd4 Ng5
38.Qxf4 Kg6 39.Qf6+ Kh7 40.Qxg5 Qxb5 41.Qxh5+ Kg7  1-0